Statistics for Greys Anatomy Cast - with pictures

Click here to take the quiz!

General Stats

  • This quiz has been taken 136 times
  • The average score is 14 of 16

Answer Stats

Answer% Correct
Cristina Yang
97%
meredith grey
93%
Miranda Bailey
93%
Mark Sloan
92%
izzie stevens
90%
Lexie Grey
90%
Alex Karev
89%
George O'Malley
89%
Richard Webber
86%
Owen Hunt
82%
Jackson Avery
80%
Addison Montgomery
79%
Arizona Robbins
78%
Callie Torres
78%
Jo Wilson
77%
Derek Shepherd
75%

Score Distribution

Percentile by Number Answered

Percent of People with Each Score

Your Score History

You have not taken this quiz